000
00198 a2200073 4500
020
_a
9780954599645
082
_2
DDC23
_a
615.836 MCKE
245
_a
ANXIETY FREE: stop worrying and quieten your mind the only
999
_c
782762
_d
782761
942
_w
300
_x
Thenjiwe Mabuza
_y
300
_z
Thenjiwe Mabuza